000
00217 a2200097 4500
001
45837
100
_a
Benn E
245
_a
the confessions of a capitalist
260
_a
London
_b
Hutchinson
_c
090
_c
28948
_d
28948
942
_a
NUST-CAE
_c
M
_c
21055
999
_c
280910
_d
280910